000
00312 a2200121 4500
001
146902
040
_c
Escola São Tomás de Aquino
100
_a
BRANCO, Samuel Murgel
240
1
0
_a
Aventuras de uma gota d'água
_l
por
245
1
0
_a
Aventuras de uma gota d'água
697
_a
*LITERATURA INFANTO
942
_c
BK
999
_c
146902
_d
146902